|
|
|
|
| LEADER |
00713nam a22002051 4500 |
| 001 |
c000208366 |
| 003 |
CARM |
| 005 |
20021125002100.0 |
| 008 |
851211s1951 mx 1 spa d |
| 019 |
1 |
|
|a 4181593
|5 LACONCORD2021
|
| 035 |
|
|
|a (OCoLC)2626232
|5 LACONCORD2021
|
| 100 |
1 |
|
|a Traven, B.
|
| 240 |
1 |
4 |
|a The white rose
|
| 245 |
1 |
3 |
|a La rosa blanca.
|
| 260 |
|
|
|a Mexico :
|b Compania general de ediciones,
|c 1951.
|
| 440 |
|
0 |
|a Coleccion ideas, letras y vida
|
| 852 |
8 |
|
|b CARM
|h A2:AN17A0
|i A03419
|p 0304322
|f BK
|
| 082 |
0 |
4 |
|a 813.5
|
| 999 |
f |
f |
|i fd1a1349-9e6d-5626-86b5-0efe796f6ce9
|s ffc831ce-ea2a-545b-84ae-958e68bf7c7c
|
| 952 |
f |
f |
|p Can circulate
|a CAVAL
|b CAVAL
|c CAVAL
|d CARM 1 Store
|e A03419
|f A2:AN17A0
|h Other scheme
|i book
|m 0304322
|